Score 0/20 Timer 06:00
0 Plays Today
% Correct
The Fresh Prince of Bel-Air
98.1%
Star Trek
96.8%
Family Guy
94.3%
Seinfeld
93%
The Big Bang Theory
91%
The Golden Girls
88.2%
My Name is Earl
82.5%
Futurama
82.1%
Orange is the New Black
80.2%
Parks and Recreation
76.8%
% Correct
Prison Break
76.4%
Dexter
67.3%
Arrested Development
64.4%
The Andy Griffith Show
62.8%
Smallville
56.3%
Entourage
41.7%
The Walking Dead
41.6%
Boardwalk Empire
37.9%
Oz
27.6%
Downton Abbey
21.8%
Remove Ads.
Support Sporcle.
Get the best of Sporcle when you Go Orange. This ad-free experience offers more features, more stats, and more fun while also helping to support Sporcle. Thank you for becoming a member.

You're not logged in!

Compare scores with friends on all Sporcle quizzes.
OR
Log In

Show Comments

Extras

Top Quizzes Today


Score Distribution

Your Account Isn't Verified!

In order to create a playlist on Sporcle, you need to verify the email address you used during registration. Go to your Sporcle Settings to finish the process.

Report this User

Report this user for behavior that violates our Community Guidelines.

Details: